| 000 | 00431nam a22001577a 4500 | ||
|---|---|---|---|
| 999 |
_c15435 _d15435 |
||
| 020 | _a9789381450475 | ||
| 082 |
_a633.83 _bSIN/PR |
||
| 100 |
_aSingh , jitendra . _93133 |
||
| 245 | _aPrecision farming in horticulture / | ||
| 260 |
_aNew delhi ; _bNew india publishing agency , _c2013 . |
||
| 300 | _a366 ; . | ||
| 700 |
_aJain , S K . _93035 |
||
| 700 |
_aDashora , L K . _93134 |
||
| 700 |
_aChundawat ,B S . _93135 |
||
| 942 | _cBK | ||